00346nam a2200133Ia 4500008004100000020001500041041001200056082001600068100001700084245006200101260002500163300000800188650001600196221030s9999 xx 000 0 und d a8120317270 aEnglish a105.23bRaj aV. Rajaraman 0aAnalysis & Design of Information Systemscby V. Rajaraman bPHIaNew Delhic2002 a292 aBE Computer